Statistics for U.S. Cities A-Z

Click here to take the quiz!

General Stats

  • This quiz has been taken 25,045 times
  • The average score is 14 of 26

Answer Stats

HintCity% Correct
ODisney WorldOrlando
94%
LWhat happens there
stays there
Las Vegas
89%
TCapital of FloridaTallahassee
81%
IMotor racingIndianapolis
81%
NThe Big EasyNew Orleans
75%
SThe AlamoSan Antonio
71%
HCapital of MontanaHelena
70%
AUniversity of MichiganAnn Arbor
65%
CRock & Roll Hall of FameCleveland
64%
BEdgar Allan PoeBaltimore
63%
QSixth presidentQuincy
63%
RAlleged UFO crash siteRoswell
61%
GTexas city devastated by
a hurricane in 1900
Galveston
56%
EAcross from Ciudad JuarezEl Paso
55%
JCapital of MissouriJefferson City
53%
KBlues music and BBQKansas City
50%
WBranch Davidian cultWaco
49%
FNear the Grand CanyonFlagstaff
45%
UUpstate New YorkUtica
41%
YCalifornia / Arizona borderYuma
41%
PBrigham Young UniversityProvo
39%
MSouth Carolina coastMyrtle Beach
38%
VMississippi city sieged
in the Civil War
Vicksburg
30%
DBosnian peace accordsDayton
24%
XOhio city or ancient Greek
word for hospitality
Xenia
17%
ZIts name means "West Wind Hills"Zephyrhills
8%

Score Distribution

Percentile by Number Answered

Percent of People with Each Score

Your Score History

You have not taken this quiz